[Event "Baden-ch U1700"]
[Site "Walldorf"]
[Date "2017.07.28"]
[Round "4"]
[White "Hornung, Fabian"]
[Black "Ahmad, Quasim"]
[Result "1-0"]
[WhiteElo "1704"]
[BlackElo "1436"]
[PlyCount "101"]
[EventDate "2017.07.26"]
[EventType "swiss"]
[EventRounds "7"]
[EventCountry "GER"]
[SourceTitle "EXT 2018"]
[Source "ChessBase"]
[SourceDate "2017.10.13"]
[SourceVersion "1"]
[SourceVersionDate "2017.10.13"]
[SourceQuality "1"]

1. e4 e5 2. Nf3 Nc6 3. Bc4 Nf6 4. d4 exd4 5. e5 d5 6. Bb5 Nd7 7. Bxc6 bxc6 8. Nxd4 Bb7 9. 0-0 Bc5 10. e6 Nf6 11. exf7+ Kxf7 12. Be3 Bb6 13. c3 Re8 14. a4 a5 15. Nd2 Kg8 16. N2f3 Qd7 17. Qc2 c5 18. Ne2 Qg4 19. Ng3 d4 20. cxd4 cxd4 21. h3 Qd7 22. Rfd1 Bxf3 23. gxf3 Rad8 24. Kg2 Nd5 25. Bg5 Nb4 26. Qc4+ Qd5 27. Qxd5+ Rxd5 28. Bd2 Nc2 29. Rac1 d3 30. Bc3 c5 31. b3 Rc8 32. Ne4 c4 33. bxc4 Rxc4 34. Bb2 Rd8 35. Rd2 Rxa4 36. Rcd1 Ra2 37. Bc3 a4 38. Rxd3 Rxd3 39. Rxd3 Ne3+ 40. Kg3 Nf5+ 41. Kf4 g6 42. Rd7 Re2 43. Nf6+ Kf8 44. Rxh7 Bxf2 45. Kg5 Ne7 46. Bb4 Re5+ 47. Kg4 Bc5 48. Bxc5 Rxc5 49. Nd7+ Kg8 50. Rxe7 Rc7 51. Nf6+ 1-0

[Event "Baden-ch U1700"]
[Site "Walldorf"]
[Date "2017.07.27"]
[Round "2"]
[White "Detter, Hans Peter"]
[Black "Ahmad, Quasim"]
[Result "1-0"]
[WhiteElo "1598"]
[BlackElo "1436"]
[PlyCount "69"]
[EventDate "2017.07.26"]
[EventType "swiss"]
[EventRounds "7"]
[EventCountry "GER"]
[SourceTitle "EXT 2018"]
[Source "ChessBase"]
[SourceDate "2017.10.13"]
[SourceVersion "1"]
[SourceVersionDate "2017.10.13"]
[SourceQuality "1"]

1. e4 e5 2. Nf3 Nc6 3. c3 Nf6 4. d3 Bc5 5. Be2 d6 6. 0-0 Bg4 7. h3 Bh5 8. Nh2 Bg6 9. Ng4 Qd7 10. Be3 Bb6 11. a4 h5 12. Nxf6+ gxf6 13. b4 f5 14. exf5 Qxf5 15. a5 Bxe3 16. fxe3 Qe6 17. e4 a6 18. Nd2 Ke7 19. Nc4 Rag8 20. Kh2 d5 21. exd5 Qxd5 22. Ne3 Qd6 23. Kh1 Nd8 24. Nf5+ Bxf5 25. Rxf5 Rxg2 26. Kxg2 Qg6+ 27. Bg4 hxg4 28. Qxg4 Qc6+ 29. Qe4 Qg6+ 30. Kh2 Nc6 31. Raf1 Rh7 32. c4 Qh6 33. R5f3 Qd2+ 34. R1f2 Qxb4 35. Qxh7 1-0